00897cam a2200241 a 4500001001000000003000900010005001700019008004100036020001500077035002000092040002300112042001400135082002000149100002200169245013200191260010600323300002100429504004200450610003900492651004900531651004500580700003000625000013367DO-SdBNP20251022121711.0970908s1996 ve b 001 0 spa d a9803171089 a(OCoLC)37513436 aDO-SdBNPcNcDdDLC alccopycat a338.13bS482ó1 aSerbin, Andrés.13aEl ocaso de las islas :bel Gran Caribe frente a los desafíos globales y regionales /cAndrés Serbin ; Eufemia Hernández. aCaracas :bInstituto Venezolano de Estudios Sociales y Políticos (INVESP) :bNueva Sociedad,c1996. a139 p. ;c23 cm. aIncluye referencias bibliográficas.20aAsociación de Estados del Caribe 0aCaribe (Región)xIntegración económica 0aCaribe (Región)xRelaciones exteriores1 aHernández, Eufemiaeed.